Konkurencieschopnosť a cestovný ruch vidieckych regiónov

Tradičné turistické regióny a rozvoj netradičných foriem cestovného ruchu vo vidieckych regiónoch, ktoré hľadajú možnosti rozšírenia nových aktivít. Prírodné a kultúrno-historické danosti územia ako hlavný, ale aj doplnkový zdroj príjmov vidieckeho obyvateľstva.

Na minha lista:
Detalhes bibliográficos
Autor principal: Mišúnová, Ema
Formato: Capítulo de Livro
Idioma:eslovaco
Assuntos:
Tags: Adicionar Tag
Sem tags, seja o primeiro a adicionar uma tag!

MARC

LEADER 00000nla a2200000 4500
001 0160607
005 20240502083356.7
041 0 |a slo 
044 |a CZ 
245 1 0 |a Konkurencieschopnosť a cestovný ruch vidieckych regiónov  |c Ema Mišúnová 
520 |a Tradičné turistické regióny a rozvoj netradičných foriem cestovného ruchu vo vidieckych regiónoch, ktoré hľadajú možnosti rozšírenia nových aktivít. Prírodné a kultúrno-historické danosti územia ako hlavný, ale aj doplnkový zdroj príjmov vidieckeho obyvateľstva. 
610 2 0 |a regióny 
610 2 0 |a rozvoj regionálny 
610 2 0 |a rozvoj vidieka 
610 2 0 |a prostredie krajinné 
610 2 0 |a marketing regionálny 
610 2 0 |a ruch cestovný regionálny 
100 1 |a Mišúnová, Ema